La mision de la mujer en la sociedad y la familia (Record no. 158227)

MARC details
000 -LEADER
campo de control de longitud fija 00663nam a2200181 i 4500
001 - NÚMERO DE CONTROL
campo de control 158227
003 - IDENTIFICADOR DE NÚMERO DE CONTROL
campo de control ES-MaACL
005 - FECHA Y HORA DE LA ÚLTIMA TRANSACCIÓN
campo de control 20250807065806.0
008 - DATOS DE LONGITUD FIJA--INFORMACIÓN GENERAL
campo de control de longitud fija 040825s1881 sp |||| | spa d
040 ## - FUENTE DE CATALOGACIÓN
Centro catalogador/agencia de origen CAM
Lengua de catalogación spa
Centro/agencia transcriptor CAM
100 1# - ENTRADA PRINCIPAL--NOMBRE DE PERSONA
Nombre de persona Luna, Luisa.
9 (RLIN) 129143
245 13 - MENCIÓN DEL TÍTULO
Título La mision de la mujer en la sociedad y la familia
Resto del título : ligeras observaciones /
Mención de responsabilidad, etc. por Luisa Luna.
260 ## - PUBLICACIÓN, DISTRIBUCIÓN, ETC.
Lugar de publicación, distribución, etc. Madrid :
Nombre del editor, distribuidor, etc. [s.n.],
Fecha de publicación, distribución, etc. 1881 (
Fabricante Establecimiento tipográficos de M. Minuesa)
300 ## - DESCRIPCIÓN FÍSICA
Extensión 18 p. ;
Dimensiones 16 cm.
650 #7 - PUNTO DE ACCESO ADICIONAL DE MATERIA--TÉRMINO DE MATERIA
Término de materia o nombre geográfico como elemento de entrada Mujeres
Fuente del encabezamiento o término embne
9 (RLIN) 15251
852 ## - LOCALIZACIÓN
Ubicación ES-MaACL
Número de control de estantería T-1299-F-1
Nota libre -- Enc. hol. conservando la cub. original
-- -- Enc. en un vol. facticio
Holdings
Estatus retirado Estado de pérdida Estado de daño No para préstamo Colección Biblioteca de origen Biblioteca actual Ubicación en estantería Fecha de adquisición Total de préstamos Signatura topográfica completa Código de barras Visto por última vez Precio de reemplazo Tipo de ítem Koha
        Colección de folletos Biblioteca del Ateneo de Madrid Biblioteca del Ateneo de Madrid Depósito folletos 17/01/2008   T-1299-F-1 1165601 23/02/2023 23/02/2023 Folleto